000 00608nam a22001937a 4500
999 _c2099
_d2099
005 20251125232742.0
008 s2522 th tha d
040 _aNALT
041 _atha
050 _aDS501 ช7
100 0 _aเชิดชาย เหล่าหล้า
245 1 0 _aอาเซียน
260 3 _aกรุงเทพฯ :
_bโอเดียนสโตร์,
_c2522
300 _a301 หน้า
650 0 4 _aกลุ่มประเทศอาเซียน
850 _aNALT
856 4 0 _uhttps://hdl.handle.net/20.500.14156/331254
_71
942 _cGB
_2lcc